Arnould's law of marine insurance and average
Αποθηκεύτηκε σε:
| Κύριος συγγραφέας: | |
|---|---|
| Άλλοι συγγραφείς: | |
| Μορφή: | Βιβλίο |
| Γλώσσα: | English |
| Δημοσίευση: |
London :
Sweet & Maxwel,
1997
|
| Έκδοση: | 16th ed. |
| Σειρά: | British shipping laws
|
| Θέματα: | |
| Ετικέτες: |
Προσθήκη ετικέτας
Δεν υπάρχουν, Καταχωρήστε ετικέτα πρώτοι!
|
MARC
| LEADER | 00000cam a2200000 i 4500 | ||
|---|---|---|---|
| 001 | 1/8373 | ||
| 008 | 000627s1997 eng d | ||
| 020 | |a 0420-471-502 | ||
| 035 | |l 10062650 | ||
| 040 | |a GR-MY-UA |b gre |e aacr | ||
| 041 | 0 | |a eng | |
| 082 | 0 | |a 343.420965 | |
| 100 | 1 | |a Arnould, Joseph, |c Sir, |d 1814?-1886. | |
| 245 | 1 | 0 | |a Arnould's law of marine insurance and average / |c by Jonathan C. B. Gilman |
| 246 | 3 | 3 | |a Law of marine insurance and average |
| 250 | |a 16th ed. | ||
| 260 | |a London : |b Sweet & Maxwel, |c 1997 | ||
| 300 | |a xxxi, 595 p.; |c 25 cm. | ||
| 490 | 1 | |a British shipping laws | |
| 504 | |a Includes indexes | ||
| 650 | 0 | 0 | |a Insurance, Marine |z Great Britain. |
| 650 | 0 | 0 | |a Insurance, Marine. |
| 650 | 0 | 0 | |a Average (Maritime Law) |
| 700 | 1 | |a Gilman, Jonathan C. B. | |
| 830 | 0 | |a British shipping laws | |
| 852 | |a INST |b CHIOS |e 20000627 |h 343.420965 ARN |p 005200018084 |q 005200018084 |t BK |y 0 |z v.3 | ||
| 852 | |a INST |b CHIOS |e 20000627 |h 343.420965 ARN |p 005200018084 |q 005200018084 |t BK |v v.3: |y 0 |z v.3 | ||
| 853 | |a INST |b CHIOS |h 343.420965 ARN | ||
| 901 | |a BIBL2-2000-2 | ||
| 909 | |a Χ |b 075759 | ||
| 970 | |z 2000/06/ΜΠΡΑΤΤΗΣ | ||